[Event "7th Malaysia Open"]
[Site "Kuala Lumpur MAS"]
[Date "2010.09.01"]
[Round "1"]
[White "Lane,G"]
[Black "Nakvanich,S"]
[Result "1-0"]
[WhiteElo "2373"]
[BlackElo "1921"]
[EventDate "2010.09.01"]

1. e4 e5 2. Nf3 Nc6 3. Bb5 a6 4. Ba4 Nf6 5. O-O Nxe4 6. d4 b5 7. Bb3 d5 8.
dxe5 Be6 9. Qe2 Be7 10. Rd1 O-O 11. c4 bxc4 12. Bxc4 Na5 13. Bd3 Nc5 14.
Bc2 Nc6 15. Nc3 Qd7 16. Be3 Rfd8 17. Rac1 Qe8 18. Bb1 Qf8 19. Qc2 g6 20.
Bxc5 Bxc5 21. Ne2 Nxe5 22. Qxc5 Nxf3+ 23. gxf3 Qh6 24. Qxc7 Bh3 25. Qg3 d4
26. Nf4 Bc8 27. Be4 Ra7 28. Rxd4 Rxd4 29. Rxc8+ Kg7 30. Ne6+ fxe6 31. Qe5+
Kf7 32. Qxd4 Qg5+ 33. Kh1 Re7 34. Qh8 1-0

[Event "7th Malaysia Open"]
[Site "Kuala Lumpur MAS"]
[Date "2010.09.01"]
[Round "1"]
[White "Low,J"]
[Black "Jia,H"]
[Result "0-1"]
[WhiteElo "1914"]
[BlackElo "2373"]
[EventDate "2010.09.01"]

1. e4 c5 2. Nc3 a6 3. Nf3 e6 4. b3 d6 5. Bb2 Nf6 6. e5 dxe5 7. Nxe5 Nbd7 8.
Na4 Qc7 9. Nxd7 Bxd7 10. Bxf6 gxf6 11. Nc3 Bc6 12. Qe2 O-O-O 13. a4 f5 14.
Nb5 axb5 15. axb5 Be8 16. b6 Qxb6 17. Ra8+ Kc7 18. Qe5+ Qd6 19. Qxd6+ Bxd6
0-1

[Event "7th Malaysia Open"]
[Site "Kuala Lumpur MAS"]
[Date "2010.09.01"]
[Round "1"]
[White "Laksana,Agusta"]
[Black "Fong Mi Yen"]
[Result "1-0"]
[WhiteElo "2373"]
[BlackElo "1905"]
[EventDate "2010.09.01"]

1. e4 e5 2. Nf3 Nc6 3. Bb5 a6 4. Ba4 Nf6 5. d3 d6 6. c3 Be7 7. h3 O-O 8.
Nbd2 b5 9. Bc2 Bb7 10. Nf1 d5 11. Qe2 dxe4 12. dxe4 Nd7 13. Ng3 Bf6 14. Be3
Na5 15. b3 c5 16. O-O Qc7 17. Nh2 Nc6 18. Ng4 Be7 19. Nf5 Rfe8 20. Ngh6+
Kf8 21. Nxg7 Reb8 22. Nhf5 Nf6 23. Bh6 Kg8 24. Nh5 1-0

[Event "7th Malaysia Open"]
[Site "Kuala Lumpur MAS"]
[Date "2010.09.01"]
[Round "1"]
[White "Dutta,J"]
[Black "Verdiana,N"]
[Result "1/2-1/2"]
[WhiteElo "2355"]
[BlackElo "1899"]
[EventDate "2010.09.01"]

1. d4 Nf6 2. c4 c5 3. Nf3 cxd4 4. Nxd4 Nc6 5. Nc3 g6 6. g3 Bg7 7. Bg2 O-O
8. O-O Qb6 9. Nc2 d6 10. b3 Be6 11. Bb2 Bxc4 12. Na4 Qa6 13. bxc4 Qxa4 14.
Ne3 Qxd1 15. Rfxd1 Nd7 16. Rab1 Bxb2 17. Rxb2 Nc5 18. f4 Rac8 19. Bh3 Rb8
20. Nd5 Rfd8 21. Bg2 f5 22. h3 Kf7 23. g4 e6 24. Ne3 Ke7 25. Kf2 Na5 26.
Kg3 Rbc8 27. h4 Na4 28. Rb4 Nb6 29. Rd4 Nc6 30. Bxc6 Rxc6 31. h5 Rdc8 32.
Kh4 e5 33. fxe5 dxe5 34. Rd3 f4 35. Nd5+ Ke6 36. Kg5 1/2-1/2

[Event "7th Malaysia Open"]
[Site "Kuala Lumpur MAS"]
[Date "2010.09.01"]
[Round "1"]
[White "Kojima,S"]
[Black "Limono,Handjojo"]
[Result "1-0"]
[WhiteElo "2334"]
[BlackElo "1898"]
[EventDate "2010.09.01"]

1. e4 c5 2. c3 g6 3. d4 cxd4 4. cxd4 Bg7 5. Nc3 d6 6. Nf3 Nf6 7. h3 O-O 8.
Bd3 Nc6 9. Be3 Nd7 10. O-O Qb6 11. d5 Qxb2 12. dxc6 bxc6 13. Na4 Qxa1 14.
Qxa1 Bxa1 15. Rxa1 Nf6 16. Nc3 e5 17. Bc1 Be6 18. Ba3 Rfd8 19. Rd1 h6 20.
Ba6 c5 21. Nd2 Rab8 22. Nc4 d5 23. Nxe5 Nxe4 24. Nxe4 dxe4 25. Rc1 Rb6 26.
Bf1 Bxa2 27. Bxc5 Rb1 28. Rxb1 Bxb1 29. Bxa7 Rd1 30. Ng4 f5 31. Ne3 Rd7 32.
Bc4+ Kh7 33. Bb8 Rb7 34. Be5 Bd3 35. Bd5 Rb5 36. h4 g5 37. h5 f4 38. Ng4 e3
39. Nf6+ Kg7 40. Nd7+ Kh7 41. Nf8+ 1-0

[Event "7th Malaysia Open"]
[Site "Kuala Lumpur MAS"]
[Date "2010.09.01"]
[Round "1"]
[White "Tan Jun Feng"]
[Black "Carlos,L"]
[Result "0-1"]
[WhiteElo "1870"]
[BlackElo "2325"]
[EventDate "2010.09.01"]

1. e4 e5 2. Nf3 Nf6 3. Nxe5 d6 4. Nf3 Nxe4 5. d4 d5 6. Bd3 Be7 7. O-O Nc6
8. Bf4 Bg4 9. c3 O-O 10. Re1 f5 11. h3 Bh5 12. Nbd2 g5 13. Bh2 g4 14. Ne5
g3 15. Qxh5 gxf2+ 16. Kf1 fxe1=Q+ 17. Kxe1 Bh4+ 18. Ke2 Qg5 19. Qxg5+ Bxg5
20. Ndf3 Nxe5 21. Bxe5 Bd8 22. c4 c6 23. cxd5 cxd5 24. Bc2 Kf7 25. Bb3 Ke6
26. Rc1 Rg8 27. Ne1 Ba5 28. Nd3 Bd2 29. Rc7 Rxg2+ 30. Kf3 Rg1 31. Ba4 Rd8
32. Rxb7 f4 33. Nxf4+ Bxf4 34. Bxf4 Nd6 35. Be5 Nxb7 0-1

[Event "7th Malaysia Open"]
[Site "Kuala Lumpur MAS"]
[Date "2010.09.01"]
[Round "1"]
[White "Low Jun Keat"]
[Black "Li Hanbin"]
[Result "0-1"]
[WhiteElo "1835"]
[BlackElo "2348"]
[EventDate "2010.09.01"]

1. e4 c5 2. Nf3 Nc6 3. d4 cxd4 4. Nxd4 Nf6 5. Nc3 e5 6. Nb3 Bb4 7. Bg5 h6
8. Bxf6 Qxf6 9. Nd2 Qg6 10. a3 Bxc3 11. bxc3 O-O 12. Qf3 d6 13. Bd3 f5 14.
Rb1 Kh8 15. O-O f4 16. Be2 b6 17. Rfd1 Bb7 18. Qh3 Rad8 19. Bh5 Qf6 20. c4
Nd4 21. c3 Ne6 22. Bg4 Nc5 23. Bf5 Kg8 24. Qh5 Bc6 25. Bg6 Qe7 26. f3 Rf6
27. Bf5 Be8 28. Qh4 g6 29. Bh3 Kg7 30. Nb3 Nxb3 31. Rxb3 Ba4 32. Rbb1 Bxd1
33. Rxd1 Qf7 34. Qf2 Qxc4 35. Qd2 Rf7 36. Qd5 Qxd5 37. Rxd5 Rc7 38. Rd3 Kf6
39. Kf2 Rc4 40. g3 fxg3+ 41. hxg3 0-1

[Event "7th Malaysia Open"]
[Site "Kuala Lumpur MAS"]
[Date "2010.09.01"]
[Round "1"]
[White "Nguyen Thi Thanh An"]
[Black "Nur,N"]
[Result "1-0"]
[WhiteElo "2306"]
[BlackElo "1829"]
[EventDate "2010.09.01"]

1. d4 Nf6 2. Nf3 g6 3. Bf4 Bg7 4. e3 O-O 5. Be2 c5 6. c3 cxd4 7. exd4 d6 8.
O-O a6 9. Nbd2 b5 10. a4 b4 11. c4 a5 12. Rc1 Nbd7 13. Re1 Bb7 14. Bf1 Re8
15. h3 Nh5 16. Bh2 e5 17. c5 dxc5 18. dxc5 Rc8 19. Bb5 Bc6 20. Ne4 Bf8 21.
Nd6 Bxd6 22. cxd6 Bxb5 23. axb5 Rxc1 24. Qxc1 f6 25. Qc6 Ng7 26. g4 Kh8 27.
g5 f5 28. Bxe5 Kg8 29. Qd5+ Kf8 30. Bxg7+ Kxg7 31. Rxe8 Qxe8 32. Qc6 Qd8
33. h4 a4 34. Qc4 Qa8 35. Qc6 Qd8 36. Kf1 b3 37. Qc3+ Kg8 38. Qc4+ Kf8 39.
Nd4 Qb8 40. Ne6+ Ke8 41. Nc7+ Kf8 42. Qd4 Kf7 43. Qxa4 Nb6 44. Qxb3+ Kf8
45. Qc3 Kg8 46. Qc6 1-0

[Event "7th Malaysia Open"]
[Site "Kuala Lumpur MAS"]
[Date "2010.09.01"]
[Round "1"]
[White "Tin Jingyao"]
[Black "Mahmud,S"]
[Result "0-1"]
[WhiteElo "1828"]
[BlackElo "2312"]
[EventDate "2010.09.01"]

1. d4 Nf6 2. c4 c5 3. d5 b5 4. cxb5 a6 5. b6 Qxb6 6. Nc3 g6 7. e4 d6 8. Be2
Bg7 9. Nf3 O-O 10. Nd2 Nbd7 11. Nc4 Qc7 12. O-O Nb6 13. Nxb6 Qxb6 14. Qc2
Rb8 15. a4 Bd7 16. a5 Qb7 17. Na4 Bb5 18. Nb6 Ne8 19. Bxb5 axb5 20. Qb3 b4
21. Bg5 Bd4 22. Qa4 Bxb2 23. Rab1 Bg7 24. Nd7 Nf6 25. Bxf6 Bxf6 26. Nxf8
Kxf8 27. f4 Bd4+ 28. Kh1 Qb5 29. Qb3 Qxa5 30. Qh3 Kg7 31. f5 Bf6 32. fxg6
hxg6 33. g4 Rh8 34. Qf3 Qa2 35. h3 Qd2 36. Rbe1 Qc3 37. Re3 Qe5 38. Qe2 Ra8
39. Kg2 Ra4 40. Qb5 Ra2+ 41. Rf2 Rxf2+ 42. Kxf2 Qf4+ 43. Ke2 Bd4 44. Rd3
Qxe4+ 45. Kd2 c4 0-1

[Event "7th Malaysia Open"]
[Site "Kuala Lumpur MAS"]
[Date "2010.09.01"]
[Round "1"]
[White "Lu Yijie"]
[Black "Azarya,J"]
[Result "1-0"]
[WhiteElo "2308"]
[BlackElo "1730"]
[EventDate "2010.09.01"]

1. e4 c5 2. Nf3 Nc6 3. d4 cxd4 4. Nxd4 g6 5. Nc3 Bg7 6. Be3 Nf6 7. Bc4 O-O
8. Bb3 d6 9. f3 Bd7 10. Qd2 Nxd4 11. Bxd4 b5 12. h4 Be6 13. Nxb5 Qd7 14.
Nc3 a5 15. Na4 Qb7 16. O-O-O Ra6 17. h5 Bxb3 18. axb3 Nxh5 19. Bxg7 Kxg7
20. g4 Nf6 21. Qh6+ Kg8 22. e5 dxe5 23. Nc5 Qc6 24. Nxa6 Rc8 25. Rd2 Qxf3
26. g5 Nh5 27. Rhd1 Qa8 28. Nc7 Qb8 29. Nd5 1-0

[Event "7th Malaysia Open"]
[Site "Kuala Lumpur MAS"]
[Date "2010.09.01"]
[Round "1"]
[White "Sean,W"]
[Black "Lim,C"]
[Result "0-1"]
[WhiteElo "1789"]
[BlackElo "2302"]
[EventDate "2010.09.01"]

1. e4 c5 2. Nf3 d6 3. d4 cxd4 4. Nxd4 Nf6 5. Nc3 a6 6. Bg5 e6 7. f4 Qc7 8.
Qf3 b5 9. a3 Nbd7 10. O-O-O Bb7 11. Bd3 Be7 12. g4 h6 13. Bxf6 Bxf6 14.
Nce2 Qb6 15. Qe3 g5 16. Qg1 gxf4 17. Nf3 Qxg1 18. Rhxg1 Ne5 19. Nxe5 dxe5
20. Nc3 Bc6 21. Kd2 Rg8 22. Ke2 Be7 23. b4 Bd8 24. h3 Bb6 25. Rgf1 Ke7 26.
a4 bxa4 27. Nb1 h5 28. gxh5 Rg2+ 29. Ke1 Rg3 30. Na3 Rxh3 31. Nc4 Bd4 32.
Na5 Be8 0-1

[Event "7th Malaysia Open"]
[Site "Kuala Lumpur MAS"]
[Date "2010.09.01"]
[Round "1"]
[White "Liew Chee Meng Jimmy"]
[Black "Haslindah,R"]
[Result "1-0"]
[WhiteElo "2299"]
[BlackElo "1662"]
[EventDate "2010.09.01"]

1. d4 Nf6 2. c4 e6 3. Nc3 b6 4. e4 Bb7 5. Bd3 Bb4 6. d5 exd5 7. exd5 O-O 8.
Nge2 d6 9. Bg5 h6 10. Bh4 Nbd7 11. O-O Bxc3 12. Nxc3 Ne5 13. Be2 Ng6 14.
Bg3 Re8 15. Qc2 Qd7 16. Bd3 Ne5 17. Bf5 Qd8 18. b3 Bc8 19. Nb5 Bxf5 20.
Qxf5 a6 21. Nd4 Qd7 22. Qc2 Qg4 23. Rad1 h5 24. f4 Ng6 25. f5 Ne5 26. Bf4
h4 27. h3 Qh5 28. Rde1 Nfd7 29. Re3 Kh8 30. Rfe1 Rg8 31. Nc6 Nxc6 32. dxc6
Nf6 33. Re7 Rae8 1-0

[Event "7th Malaysia Open"]
[Site "Kuala Lumpur MAS"]
[Date "2010.09.01"]
[Round "1"]
[White "Mok Tze Meng"]
[Black "Swapnil,SD"]
[Result "1/2-1/2"]
[WhiteElo "2416"]
[BlackElo "2425"]
[EventDate "2010.09.01"]

1. e4 c5 2. Nf3 e6 3. g3 Nc6 4. Bg2 Nf6 5. Qe2 d6 6. O-O Be7 7. c3 O-O 8.
d4 cxd4 9. cxd4 d5 10. e5 Nd7 11. Nc3 a6 12. h4 h6 13. Be3 b5 14. Bh3 Nb6
15. Rfc1 Bd7 16. Rc2 b4 17. Nd1 Nc4 18. b3 Na3 19. Rcc1 Nb5 20. Qd2 f5 21.
Bxh6 gxh6 22. Qxh6 Nbxd4 23. Qg6+ Kh8 1/2-1/2

[Event "7th Malaysia Open"]
[Site "Kuala Lumpur MAS"]
[Date "2010.09.01"]
[Round "1"]
[White "Nadanian,A"]
[Black "Aquino,J"]
[Result "1-0"]
[WhiteElo "2411"]
[BlackElo "2245"]
[EventDate "2010.09.01"]

1. e4 e6 2. d4 d5 3. Nc3 Nf6 4. Bg5 Be7 5. e5 Nfd7 6. Bxe7 Qxe7 7. f4 a6 8.
Nf3 c5 9. Qd2 Nc6 10. dxc5 Qxc5 11. a3 b5 12. Qf2 Bb7 13. Bd3 Qxf2+ 14.
Kxf2 Rc8 15. Rhe1 Na5 16. Ne2 Nc4 17. b3 Nb2 18. Ned4 Nxd3+ 19. cxd3 Ke7
20. Rac1 Nc5 21. Ke3 Rhd8 22. Rc3 Nd7 23. Rec1 Nb8 24. b4 Rxc3 25. Rxc3 Rc8
26. Rxc8 Bxc8 27. Nb3 h6 28. Kd4 Kd8 29. h4 Kc7 30. g3 Bb7 31. h5 Nc6+ 32.
Ke3 Ne7 33. Nfd4 Bc8 34. Nc5 Kb6 35. g4 Kc7 36. g5 Kd8 37. Ncb3 Bd7 38. Nd2
Ke8 39. Nf1 Kf8 40. Nh2 g6 41. Ng4 hxg5 42. Nf6 gxf4+ 43. Kxf4 Bc8 44. h6
g5+ 45. Kxg5 Ng6 46. Nc6 d4 47. Ng4 Bb7 48. Nxd4 Bd5 49. Nc2 Bf3 50. Nce3
Kg8 51. Nf6+ Kh8 52. d4 Ne7 53. Kf4 Bh1 54. Neg4 Nc6 55. Nf2 Bg2 56. Kg3
Bd5 57. Nh3 Nxd4 58. Kf4 Nc6 59. Ng5 Nd8 60. Ke3 Ba2 61. Kd4 Nc6+ 62. Kc5
Nxe5 63. Kd6 Nc4+ 64. Kc5 Ne5 65. Kb6 Nc4+ 66. Kb7 Ne5 67. Kxa6 Bc4 68. Kb6
Bd3 69. Kc5 Bf1 70. Kd4 Nc6+ 71. Ke3 Nd8 72. Ke4 e5 73. Kxe5 Bd3 74. Kd6
Bf5 75. Ke7 Nc6+ 76. Kxf7 Ne5+ 77. Ke7 Bg6 78. Ke6 Nc4 79. Nd5 Nxa3 80. Kf6
Be8 81. Ke7 Bg6 82. Nf4 Bc2 83. Kf8 Nc4 84. Nf7+ Kh7 85. Nd5 Ne5 86. Nxe5
Kxh6 87. Ke7 Kg5 88. Kd6 Ba4 89. Nc3 Bc2 90. Nxb5 Kf6 91. Nc3 Bf5 92. b5
Bc8 93. Nd5+ Kg7 94. Kc7 Be6 95. Nf4 Bf5 96. b6 Be4 97. Nc6 Bxc6 98. Kxc6
Kf6 99. b7 Kf5 100. b8=B 1-0

[Event "7th Malaysia Open"]
[Site "Kuala Lumpur MAS"]
[Date "2010.09.02"]
[Round "2"]
[White "Gupta,Ab"]
[Black "Wang Chen"]
[Result "1-0"]
[WhiteElo "2595"]
[BlackElo "2404"]
[EventDate "2010.09.01"]

1. d4 d5 2. c4 e6 3. Nf3 Nf6 4. g3 g6 5. Bg2 Bg7 6. O-O O-O 7. Nc3 c6 8.
Bg5 h6 9. Bf4 dxc4 10. Qc1 Kh7 11. Rd1 Nd5 12. e4 Nxf4 13. Qxf4 Nd7 14. e5
Qc7 15. Qe3 c5 16. d5 exd5 17. Nxd5 Qb8 18. e6 Nf6 19. exf7 Rxf7 20. Nh4
Bg4 21. Re1 Qd6 22. Nxf6+ Bxf6 23. Qe4 Bh5 24. Rad1 Bd4 25. g4 Qf4 26. gxh5
Bxf2+ 27. Kh1 Bxe1 28. hxg6+ Kg7 29. Qxe1 Rc7 30. Qc3+ 1-0

[Event "7th Malaysia Open"]
[Site "Kuala Lumpur MAS"]
[Date "2010.09.02"]
[Round "2"]
[White "Narayanan,Sr"]
[Black "Zhou Weiqi"]
[Result "0-1"]
[WhiteElo "2383"]
[BlackElo "2569"]
[EventDate "2010.09.01"]

1. e4 c5 2. Nf3 e6 3. d4 cxd4 4. Nxd4 Nf6 5. Nc3 d6 6. Be3 Nc6 7. Be2 Be7
8. O-O O-O 9. f4 Bd7 10. Kh1 a6 11. Qe1 b5 12. a3 Nxd4 13. Bxd4 Bc6 14. Qg3
g6 15. Bf3 Qc7 16. Rad1 Rad8 17. Rfe1 a5 18. e5 dxe5 19. fxe5 Ne8 20. Bxc6
Qxc6 21. Ne4 Ng7 22. Qf3 Rc8 23. b4 axb4 24. axb4 Bxb4 25. Qb3 Nh5 26. c3
Be7 27. Nf6+ Bxf6 28. exf6 Rfd8 29. Qb4 Rd5 30. Be5 Rcd8 31. Rxd5 Qxd5 32.
Qd4 Qxd4 33. cxd4 g5 34. g3 h6 35. Rc1 Kh7 36. h4 gxh4 37. gxh4 Kg6 38. Kh2
Ra8 39. Rg1+ Kf5 40. Rf1+ Kg4 41. Rg1+ Kxh4 42. Rg2 Ra3 43. Rg8 b4 44. Rf8
Ra7 45. Rb8 Kg5 46. Rxb4 Nxf6 47. Kh3 Ra3+ 48. Kg2 Nd5 49. Rb5 Kf5 50. Bg7
h5 51. Kh2 Rd3 52. Rb7 f6 53. Rb2 Rxd4 0-1

[Event "7th Malaysia Open"]
[Site "Kuala Lumpur MAS"]
[Date "2010.09.02"]
[Round "2"]
[White "Rahman,Zia"]
[Black "Murshed,N"]
[Result "0-1"]
[WhiteElo "2543"]
[BlackElo "2411"]
[EventDate "2010.09.01"]

1. d4 f5 2. g3 Nf6 3. Bg2 g6 4. Nf3 Bg7 5. b4 O-O 6. Bb2 c6 7. c4 a5 8. b5
a4 9. O-O d6 10. Na3 Ne4 11. Nd2 d5 12. Nxe4 fxe4 13. cxd5 cxd5 14. Rc1 Nd7
15. Qc2 Nf6 16. Qc7 Qe8 17. e3 Qf7 18. f3 exf3 19. Rxf3 Bg4 20. Rf2 Bh6 21.
Re1 Qe6 22. Qxb7 Bxe3 23. Kh1 Ne4 24. Rxf8+ Rxf8 25. Nc2 Bd2 26. Rf1 Rxf1+
27. Bxf1 Qf5 28. Bg2 Nf2+ 29. Kg1 Nh3+ 30. Kh1 Qf2 31. Qxd5+ 0-1

[Event "7th Malaysia Open"]
[Site "Kuala Lumpur MAS"]
[Date "2010.09.02"]
[Round "2"]
[White "Ding Yixin"]
[Black "Smerdon,D"]
[Result "1/2-1/2"]
[WhiteElo "2379"]
[BlackElo "2526"]
[EventDate "2010.09.01"]

1. e4 c5 2. Nf3 Nf6 3. Nc3 d5 4. exd5 Nxd5 5. Bb5+ Bd7 6. Bxd7+ Qxd7 7.
Nxd5 Qxd5 8. d4 Nc6 9. dxc5 Qxc5 10. O-O e6 11. Be3 Qc4 12. b3 Qa6 13. Ng5
Be7 14. Qh5 Bxg5 15. Qxg5 O-O 16. a4 e5 17. Rfd1 Rad8 18. Bc5 Rfe8 19. Qg4
Qa5 20. Qc4 a6 21. h3 h6 22. c3 e4 23. Be3 Re6 24. Qc5 Rxd1+ 25. Rxd1 Qxc5
26. Bxc5 Ne5 27. Rd8+ Kh7 28. Bd4 Nc6 29. Rd7 Nxd4 30. Rxd4 f5 31. Rd7 Rc6
32. Rxb7 Rxc3 33. Rb6 a5 34. Kf1 f4 35. Ke2 Rc2+ 36. Ke1 Rc1+ 37. Ke2 Rc2+
38. Ke1 Rc1+ 39. Ke2 1/2-1/2

[Event "7th Malaysia Open"]
[Site "Kuala Lumpur MAS"]
[Date "2010.09.02"]
[Round "2"]
[White "Nguyen Duc Hoa"]
[Black "Xu Jun"]
[Result "1-0"]
[WhiteElo "2385"]
[BlackElo "2507"]
[EventDate "2010.09.01"]

1. d4 Nf6 2. c4 e6 3. Nf3 d5 4. Qc2 c5 5. cxd5 cxd4 6. Nxd4 Nxd5 7. a3 Nb6
8. Nf3 Nc6 9. Bf4 Bd6 10. Bxd6 Qxd6 11. Nc3 Qe7 12. e3 O-O 13. Bd3 h6 14.
O-O Bd7 15. Qe2 Rfd8 16. e4 Be8 17. e5 Nd7 18. Rad1 Nc5 19. Bb1 Rxd1 20.
Rxd1 Rd8 21. h4 Rxd1+ 22. Qxd1 Nd7 23. Qe1 Qd8 24. Qe4 Nf8 25. Bc2 a6 26.
Nd1 Qb6 27. b3 Qc5 28. Ne3 Qxa3 29. Nc4 Qc1+ 30. Kh2 Nb4 31. Nd6 Bc6 32.
Qxb4 Qxc2 33. Qf4 Qg6 34. Nc8 Qh5 35. Ne7+ 1-0

[Event "7th Malaysia Open"]
[Site "Kuala Lumpur MAS"]
[Date "2010.09.02"]
[Round "2"]
[White "Xu Yuhua"]
[Black "Kojima,S"]
[Result "1/2-1/2"]
[WhiteElo "2475"]
[BlackElo "2334"]
[EventDate "2010.09.01"]

1. e4 c6 2. d4 d5 3. Nd2 dxe4 4. Nxe4 Bf5 5. Ng3 Bg6 6. h4 h6 7. Nf3 Nd7 8.
h5 Bh7 9. Bd3 Bxd3 10. Qxd3 e6 11. Bd2 Ngf6 12. O-O-O Be7 13. Kb1 O-O 14.
Ne4 Nxe4 15. Qxe4 Nf6 16. Qe2 Qd5 17. Ne5 Qe4 18. Qxe4 Nxe4 19. Be3 Rfd8
20. g4 c5 21. f3 cxd4 22. Bxd4 Bc5 23. Bxc5 Nxc5 24. c3 Kf8 25. b4 Na4 26.
Kc2 b5 27. c4 bxc4 28. Nxc4 Ke7 29. Kb3 Nb6 30. Nxb6 axb6 31. a4 Rd5 32.
Rxd5 exd5 33. Rc1 Kd7 34. b5 Re8 35. a5 bxa5 36. Ka4 Rd8 37. Kxa5 d4 38.
Rd1 Kc7 39. Rd3 Kb7 40. f4 Rd5 41. Kb4 Kb6 42. Kc4 Rxb5 43. Kxd4 Kc6 44.
Ke4 Rb4+ 45. Kf3 Kc7 46. Rd5 Rb6 47. Rf5 Rb3+ 48. Ke4 Rb4+ 49. Ke3 f6 50.
Ra5 Kb7 51. Rc5 Ra4 52. Kf3 Rb4 53. Rc3 Rd4 54. Rc1 Rb4 55. Re1 Rc4 56. Re3
Rc7 57. Rd3 Rc4 58. Ke3 Rc7 59. Rb3+ Kc8 60. Ke4 Kd7 61. Kf5 Ke7 62. Kg6
Rc4 63. Rb7+ Ke6 64. Rxg7 Rxf4 65. Kxh6 Ra4 66. Kh7 Ra8 67. h6 Ra4 68. g5
fxg5 69. Kg6 Rh4 70. Rg8 g4 71. Re8+ Kd5 72. h7 g3 73. Re1 g2 74. Rg1 Rh2
75. Kg7 Ke4 1/2-1/2

[Event "7th Malaysia Open"]
[Site "Kuala Lumpur MAS"]
[Date "2010.09.02"]
[Round "2"]
[White "Carlos,L"]
[Black "Khamrakulov,D"]
[Result "0-1"]
[WhiteElo "2325"]
[BlackElo "2485"]
[EventDate "2010.09.01"]

1. e4 c6 2. d4 d5 3. exd5 cxd5 4. c4 Nf6 5. Nc3 e6 6. Nf3 Bb4 7. cxd5 Nxd5
8. Bd2 Nc6 9. Bd3 O-O 10. O-O Be7 11. Qe2 Ndb4 12. Be3 Nxd3 13. Qxd3 Nb4
14. Qe4 f5 15. Qb1 b6 16. a3 Nd5 17. Nxd5 Qxd5 18. Qa2 Qxa2 19. Rxa2 Bb7
20. Ne5 Rac8 21. Raa1 Rc2 22. Rfc1 Rfc8 23. h3 Bh4 24. g3 Bd8 25. Nd3 Be4
26. Nb4 Rxc1+ 27. Rxc1 Rxc1+ 28. Bxc1 Bf6 29. Be3 e5 30. dxe5 Bxe5 31. Bc1
Kf7 32. Kf1 a5 33. Na2 Ke6 34. Nc3 Bd3+ 35. Ke1 b5 36. Bd2 Bd4 37. Nd1 a4
38. Be3 Ke5 39. Bxd4+ Kxd4 40. Kd2 g5 41. Ne3 h6 42. f3 h5 43. h4 f4 44.
gxf4 gxh4 45. f5 h3 46. f6 h2 47. f7 h1=Q 48. f8=Q Qh2+ 49. Kc1 Kxe3 0-1

[Event "7th Malaysia Open"]
[Site "Kuala Lumpur MAS"]
[Date "2010.09.02"]
[Round "2"]
[White "Dzhumaev,M"]
[Black "Deshmukh,A"]
[Result "1/2-1/2"]
[WhiteElo "2487"]
[BlackElo "2326"]
[EventDate "2010.09.01"]

1. e4 e5 2. Nf3 Nc6 3. d4 exd4 4. Nxd4 Nf6 5. Nxc6 bxc6 6. e5 Nd5 7. c4
Bb4+ 8. Bd2 Bxd2+ 9. Qxd2 Ne7 10. Nc3 O-O 11. O-O-O Ng6 12. f4 Qe7 13. h4
Rd8 14. h5 Nf8 15. h6 g6 16. Rh3 d5 17. exd6 Rxd6 18. Rd3 Bg4 19. Re1 Re6
20. Rxe6 Bxe6 21. Qe3 Qh4 22. Qe5 Qxh6 23. Ne4 Qg7 24. Nf6+ Kh8 25. Rd2 h6
26. g4 Nh7 27. g5 Nxf6 28. gxf6 Qf8 29. Rh2 Bf5 30. Qxc7 1/2-1/2

[Event "7th Malaysia Open"]
[Site "Kuala Lumpur MAS"]
[Date "2010.09.02"]
[Round "2"]
[White "Li Hanbin"]
[Black "Schebler,G"]
[Result "0-1"]
[WhiteElo "2348"]
[BlackElo "2474"]
[EventDate "2010.09.01"]

1. e4 c6 2. Nc3 d5 3. Nf3 Bg4 4. h3 Bxf3 5. Qxf3 e6 6. d3 Nf6 7. Bd2 Nbd7
8. Qe2 Bb4 9. g4 d4 10. Nb1 Bxd2+ 11. Nxd2 e5 12. O-O-O Nc5 13. Nc4 Nfd7
14. Nd6+ Kf8 15. Qf3 Qe7 16. Nf5 Qe6 17. Kb1 g6 18. Ng3 Qf6 19. Qe2 Qh4 20.
Qd2 a5 21. Rh2 Ne6 22. Ne2 h5 23. gxh5 Rxh5 24. Rg2 Qf6 25. c3 c5 26. cxd4
cxd4 27. Rc1 Rh4 28. Ng1 Ndc5 29. Be2 b6 30. Bg4 Nf4 31. Rg3 Rh8 32. Ne2
Nxe2 33. Qxe2 Kg7 34. Qd2 Rad8 35. Rf3 Qh4 36. Rg1 Rd6 37. Qc2 Rf6 38. Rxf6
Qxf6 39. Qd2 Rd8 40. Rg3 Rd6 41. Rf3 Qh4 42. Qe2 Qg5 43. Qc2 Rc6 44. Rg3
Rc7 45. Bd1 Qe7 46. Qd2 Ne6 47. Bb3 Nf4 48. Bc4 Rc8 49. Qd1 Rh8 50. Qb3 Qc7
51. Rg1 Rxh3 52. Rc1 Qd6 53. a3 Qf6 54. Rc2 Rf3 55. Qb5 Nh3 56. Bxf7 Qxf7
57. Qxe5+ Qf6 58. Qc7+ Kh6 59. Rc6 Qf7 60. Qd8 Nf4 61. Rc7 Qb3 62. Qf8+ Kg5
63. Qd8+ Kg4 64. Qd7+ Qe6 65. Qxd4 Rxd3 66. f3+ Rxf3 67. Qg1+ Rg3 68. Qd1+
Kg5 69. Qd8+ Qf6 70. Qd1 Rg2 0-1

[Event "7th Malaysia Open"]
[Site "Kuala Lumpur MAS"]
[Date "2010.09.02"]
[Round "2"]
[White "Vijayalakshmi,S"]
[Black "Nguyen Thi Thanh An"]
[Result "1-0"]
[WhiteElo "2466"]
[BlackElo "2306"]
[EventDate "2010.09.01"]

1. c4 Nf6 2. Nc3 g6 3. g3 Bg7 4. Bg2 O-O 5. d4 d6 6. Nf3 c5 7. d5 e6 8. O-O
Qe7 9. e4 exd5 10. exd5 Bg4 11. Re1 Qd7 12. Be3 Na6 13. Qd2 Nc7 14. Ng5
Rae8 15. h3 h6 16. Nge4 Nxe4 17. Nxe4 Bf5 18. Bxh6 Bxe4 19. Bxe4 Qxh3 20.
Bf4 Qd7 21. Kg2 b5 22. Bh6 f5 23. Bd3 Bxh6 24. Qxh6 Qg7 25. Qf4 bxc4 26.
Bxc4 Qf6 27. Bb3 Rxe1 28. Rxe1 Re8 29. Rh1 Re7 30. Qh6 Nb5 31. Bd1 Nd4 32.
Rh4 a5 33. a3 Qg7 34. Qg5 Qf7 35. Rh6 Qxd5+ 36. Kh2 Rg7 37. Rxg6 Rxg6 38.
Qxg6+ Kf8 39. Qf6+ Kg8 40. Qd8+ Kg7 41. Qxa5 Ne6 42. Qc3+ Nd4 43. a4 Qa8
44. Qe3 Qh8+ 45. Kg1 Kf6 46. Qf4 Ke7 47. Qh4+ Qf6 48. a5 Nc6 49. a6 Na7 50.
Bb3 Nb5 51. Bc4 1-0

[Event "7th Malaysia Open"]
[Site "Kuala Lumpur MAS"]
[Date "2010.09.02"]
[Round "2"]
[White "Mahmud,S"]
[Black "Tan Zhongyi"]
[Result "0-1"]
[WhiteElo "2312"]
[BlackElo "2461"]
[EventDate "2010.09.01"]

1. d4 Nf6 2. Nf3 g6 3. c4 Bg7 4. Nc3 d5 5. Qb3 dxc4 6. Qxc4 O-O 7. e4 Bg4
8. Be3 Nfd7 9. Rd1 Nb6 10. Qb3 Nc6 11. d5 Ne5 12. Be2 Nxf3+ 13. gxf3 Bh5
14. f4 Bxe2 15. Nxe2 c6 16. dxc6 Qc7 17. cxb7 Qxb7 18. f3 Qa6 19. Bd4 Bxd4
20. Rxd4 Rfd8 21. Kf2 Rxd4 22. Nxd4 Rd8 23. Rd1 Qa5 24. Kg2 Rc8 25. Nb5 Nc4
26. Kg3 g5 27. f5 a6 28. Nd4 Qc7+ 29. Kh3 Rb8 30. Qc3 Rxb2 31. Nc2 h5 32.
Rd4 g4+ 33. fxg4 hxg4+ 0-1

[Event "7th Malaysia Open"]
[Site "Kuala Lumpur MAS"]
[Date "2010.09.02"]
[Round "2"]
[White "Roy Chowdhury,S"]
[Black "Lu Yijie"]
[Result "1/2-1/2"]
[WhiteElo "2457"]
[BlackElo "2308"]
[EventDate "2010.09.01"]

1. e4 c5 2. Nf3 d6 3. Nc3 Nf6 4. g3 b6 5. Bg2 Bb7 6. d3 e6 7. O-O Be7 8.
Re1 a6 9. a3 O-O 10. Ne2 d5 11. e5 Nfd7 12. c3 a5 13. Nf4 Nc6 14. h4 Qc7
15. d4 Rfc8 16. Ng5 Bxg5 17. hxg5 cxd4 18. cxd4 Ne7 19. Qg4 Nf8 20. Bd2 Qc2
21. Bc3 Ba6 22. Rac1 Qf5 23. Qd1 Neg6 24. Bh3 Qxg5 25. Nh5 Kh8 26. Bd2 Rxc1
27. Bxc1 Qe7 28. Qg4 Bd3 29. Bg5 Bf5 30. Bxe7 Bxg4 31. Bxf8 Bxh5 32. Bd6
Rc8 33. Bf1 Rc2 34. b4 Bf3 35. Re3 Bd1 36. bxa5 bxa5 37. Rb3 h5 38. Rb8+
Kh7 39. Rb7 Rc1 40. Kg2 Kg8 41. Rb8+ Kh7 42. Rb7 Kg8 43. Rb8+ Kh7 44. Rb7
1/2-1/2

[Event "7th Malaysia Open"]
[Site "Kuala Lumpur MAS"]
[Date "2010.09.02"]
[Round "2"]
[White "Ashwin,J"]
[Black "Lim,C"]
[Result "1-0"]
[WhiteElo "2431"]
[BlackElo "2302"]
[EventDate "2010.09.01"]

1. e4 c5 2. Nf3 d6 3. d4 cxd4 4. Nxd4 Nf6 5. Nc3 a6 6. Be3 e5 7. Nb3 Be6 8.
Qd2 Be7 9. O-O-O O-O 10. f4 Ng4 11. g3 a5 12. a4 Nc6 13. Bg1 Nb4 14. h3 Nf6
15. f5 Nxe4 16. Nxe4 Bxf5 17. Bd3 Qd7 18. Nc3 Bxd3 19. cxd3 Rfc8 20. Kb1
Qe6 21. Na1 Bg5 22. Qe2 Rc6 23. h4 Bh6 24. g4 Bf4 25. Bh2 Bxh2 26. Rxh2 d5
27. d4 e4 28. Nc2 Nd3 29. Ne3 Nb4 30. Qf2 Qd6 31. Rf1 Rf8 32. Qf4 Qd8 33.
Nf5 f6 34. g5 Nd3 35. Qg3 Kh8 36. gxf6 g6 37. h5 Rfxf6 38. hxg6 Rxg6 39.
Qh3 Qc7 40. Rfh1 h6 41. Nxh6 Qb6 42. Nf5+ Kg8 43. Qh7+ 1-0